Cidades brasileiras pelos corpos d'água que elas possuem - Statistics

Estatísticas Gerais
  • Esse quiz foi jogado 83 vezes
    79 desde o último reset
  • A pontuação média é 14 de 20
Estatísticas das Respostas
Corpo (s) d'água Cidade % Correto
Rio Tietê, Rio Pinheiros São Paulo
99%
Baía de Guanabara, Oceano Atlântico Rio de Janeiro | Niterói
97%
Rio Negro, Rio Amazonas Manaus
91%
Lagoa da Pampulha Belo Horizonte
87%
Baía de Todos os Santos, Oceano Atlântico Salvador | Vera Cruz
86%
Rio Sergipe, Oceano Atlântico Aracaju | Barra dos Coqueiros
84%
Rio Tocantins, Ribeirão Taquaruçu Grande Palmas
84%
Baía de Santos, Oceano Atlântico Santos | São Vicente | Guarujá
84%
Rio Cuiabá, Rio Coxipó Cuiabá
83%
Rio Acre, Igarapé São Francisco Rio Branco
83%
Rio Ceará, Oceano Atlântico Fortaleza | Caucaia
81%
Rio Iguaçu, Rio Paraná Foz do Iguaçu
72%
Rio Capibaribe, Oceano Atlântico Recife
62%
Lago Paranoá Brasília
59%
Rio Guaíba, Rio Yacuí Porto Alegre
58%
Rio Parnaíba, Rio Poti Teresina
46%
Rio Uberabinha, Rio Araguari Uberlândia
45%
Lagoa da Conceição, Oceano Atlântico Florianópolis
43%
Rio Potengi, Oceano Atlântico Natal
43%
Baía de São Marcos, Oceano Atlântico São Luís
35%
Nenhum quiz correspondente encontrado
Distribuição das Pontuações
Porcentagem de Pessoas com Cada Pontuação
Percentil de Números Respondidos
Sua Pontuação Histórica
Você não jogou esse quiz desde o último reset